Loading...
| Science - Physics | 0 | 6 | 1 | 2 | 55 | 35 | 78.50 | 0 | 3 | 16.86 | 33.33 |
| Mythology | 0 | 5 | 1 | 0 | 45 | 29 | 53.80 | 1 | 3 | 27.09 | 37.78 |
| Science - Other | 0 | 4 | 0 | 1 | 40 | 70 | 90.75 | 0 | 2 | 10.63 | 18.89 |
| Science - Chemistry | 0 | 3 | 1 | 1 | 25 | 69 | 90.00 | 1 | 1 | 5.84 | 16.67 |
| Literature - American | 0 | 2 | 0 | 1 | 20 | 63 | 87.50 | 0 | 1 | 4.66 | 5.56 |
| Popular Culture | 0 | 1 | 0 | 0 | 10 | 68 | 68.00 | 0 | 1 | 8.17 | 15.56 |
| Literature - European | 0 | 1 | 0 | 0 | 10 | 49 | 49.00 | 0 | 0 | 5.95 | 4.44 |
| History - Other | 0 | 1 | 0 | 0 | 10 | 69 | 69.00 | 0 | 1 | 3.17 | 7.78 |
| Science - Biology | 0 | 1 | 1 | 0 | 5 | 54 | 54.00 | 0 | 1 | 4.43 | 6.67 |